|
|
|
|
| LEADER |
00576nam a22001577a 4500 |
| 020 |
|
|
|a 0-415-06030-3
|
| 082 |
|
|
|a 824
|b WIL/T M9
|
| 245 |
|
|
|a The Taming Of The Text;
|b Explorations In Language, Literature And Culture
|
| 250 |
|
|
|a 1st
|
| 260 |
|
|
|a London;
|b Routledge;
|c 1989
|
| 300 |
|
|
|a 337p.
|
| 650 |
|
|
|a Literature Studies; English Literature
|9 300932
|
| 700 |
|
|
|a Willie Van Peer(Ed.)
|9 163231
|
| 942 |
|
|
|c BK
|
| 999 |
|
|
|c 61987
|d 61987
|
| 952 |
|
|
|0 0
|1 0
|4 0
|6 824_000000000000000_WIL_T_M9
|7 0
|8 EnglLS
|9 74345
|a MAL
|b MAL
|d 2016-09-29
|e 38102
|l 0
|o 824 WIL/T M9
|p MAL038102
|r 2016-09-29
|t 1
|w 2016-09-29
|y BK
|